000 01393nam a22003737a 4500
003 CHAP
005 20220329143814.0
008 110912s2011 mx a r 00010 spa d
010 _a102099
011 _a103071
035 _a113760
040 _cCHAP
090 _aTesis
100 1 _aPérez Escobar, Anadelia.
_989635
245 1 0 _aEstimación de la productividad de madera en plantaciones forestales de teca (Tectona grandis L. F.) en el trópico mexicano
_c/por Anadelia Pérez Escobar
260 _aHuehuetán, Chis. :
_bEl autor,
_c2011
300 _a81 h. :
_bilus., cuadros, gráfs., tablas
502 _aTesis (Ing. Forestal) -- Universidad Atónoma de Chiapas. Facultad de Ciencias Agrícolas
590 _aALEPH
_b10
_c20130110
_lUCH01
_h1542
590 _aBATCH-UPD
_b10
_c20130110
_lUCH01
_h1205
590 _aBATCH-UPD
_b10
_c20130410
_lUCH01
_h0746
590 _aBATCH-UPD
_b10
_c20130914
_lUCH01
_h0725
590 _aCONVERSION
_b10
_c20130109
_lUCH01
_h1356
650 1 4 _aÁrboles tropicales.
_982448
650 1 4 _aÁrboles
_xChiapas.
_982434
650 1 4 _aÁrboles
_xVariedades.
_982441
650 1 4 _aÁrboles
_xVeracruz.
_96657
650 1 4 _aBosques
_xTrópicos.
_914401
650 1 4 _aMadera
_xRendimiento.
_969626
650 1 4 _aPlantación forestal.
_988784
901 _aBK
942 _cTESIS
949 _aTesis
_bBC
_cTES
_d33724002303751
_eTS1
_gDonaciØn
_h52748
_i113760
_sb
999 _c102099
_d102099